000 01059nam a2200373Ia 4500
003 OSt
005 20220912144711.0
006 a|||||r|||| 00| 0
007 ta
008 220909b |||||||| |||| 00| 0 eng d
020 _a9781605351155 (hbk)
020 _aSL01560636
024 _a189226
037 _b167, 30/12/2013, N R Book Distributors
037 _cTextbook
040 _aCSL
_beng
_cCSL
041 _aeng
082 _aG:66, P5;Q3 TK
100 _aFutuyma Douglas J
245 0 _aEvolution
250 _a3
260 _aSunderland
_bSinauer Ass
_c2013
300 _axvii,656 + v.p. col. ill.
500 _aGlossary G 1-G14p.; Index I 1-I36p.
650 _a Evolutionary biology
650 _a Genetic drift
650 _a Genetic variation
650 _a Sex and reproductive success
650 _aZoology
700 _a Gaines StevenD
700 _aFutuyma Douglas J
942 _hG:66, P5;Q3 TK
_cTB
_2CC
999 _c16195
_d16195